[Event "World Chess Olympiad 2018"]
[Site "Batumi"]
[Date "2018.09.24"]
[Round "1"]
[Board "2"]
[WhiteFideId "9912053"]
[White "Thilakarathne G M H"]
[BlackFideId "4202031"]
[Black "Banikas Hristos"]
[Result "0-1"]
[LiveChessVersion "1.4.8"]
[BlackElo "2601"]
[WhiteElo "2238"]

1. e4 {[%clk 1:23:12]} c5 {[%clk 1:30:45]} 2. Nf3 {[%clk 1:23:25]} d6
{[%clk 1:31:01]} 3. d4 {[%clk 1:23:49]} cxd4 {[%clk 1:31:23]} 4. Nxd4
{[%clk 1:24:15]} Nf6 {[%clk 1:31:44]} 5. Nc3 {[%clk 1:24:35]} a6 {[%clk 1:32:07]}
6. Be2 {[%clk 1:24:57]} e6 {[%clk 1:32:24]} 7. O-O {[%clk 1:24:20]} Nbd7
{[%clk 1:32:28]} 8. f4 {[%clk 1:21:02]} b5 {[%clk 1:32:52]} 9. Bf3
{[%clk 1:15:21]} Bb7 {[%clk 1:33:15]} 10. a3 {[%clk 1:12:07]} Qc7
{[%clk 1:23:58]} 11. Kh1 {[%clk 1:10:45]} Be7 {[%clk 1:24:17]} 12. Qe1
{[%clk 1:07:34]} O-O {[%clk 1:24:05]} 13. g4 {[%clk 1:00:11]} Nb6
{[%clk 1:17:27]} 14. g5 {[%clk 0:49:32]} Nfd7 {[%clk 1:15:39]} 15. f5
{[%clk 0:46:04]} exf5 {[%clk 1:15:26]} 16. Nxf5 {[%clk 0:44:18]} Ne5
{[%clk 1:12:41]} 17. Bg2 {[%clk 0:35:57]} Rfe8 {[%clk 1:13:05]} 18. Qg3
{[%clk 0:28:52]} Bf8 {[%clk 1:13:30]} 19. Bf4 {[%clk 0:23:54]} Nbc4
{[%clk 1:13:22]} 20. Rf2 {[%clk 0:18:56]} Nxb2 {[%clk 1:08:00]} 21. Raf1
{[%clk 0:15:17]} Nbc4 {[%clk 1:08:22]} 22. h4 {[%clk 0:02:32]} Rac8
{[%clk 1:08:46]} 23. Nh6+ {[%clk 0:02:07]} gxh6 {[%clk 1:08:20]} 24. gxh6+
{[%clk 0:02:36]} Ng6 {[%clk 1:08:39]} 25. h5 {[%clk 0:02:47]} Nce5
{[%clk 1:08:49]} 26. hxg6 {[%clk 0:01:42]} fxg6 {[%clk 1:09:08]} 27. Nd5
{[%clk 0:01:55]} Bxd5 {[%clk 1:08:49]} 28. exd5 {[%clk 0:02:19]} Qc4
{[%clk 1:08:58]} 29. Qh3 {[%clk 0:01:37]} Nf7 {[%clk 1:05:32]} 30. Bc1
{[%clk 0:00:45]} Rc7 {[%clk 1:05:57]} 31. Bb2 {[%clk 0:00:57]} Rce7
{[%clk 1:02:53]} 32. Rf6 {[%clk 0:00:40]} Ng5 {[%clk 1:01:23]} 33. Qg3
{[%clk 0:00:42]} Bxh6 {[%clk 1:01:35]} 34. Qxd6 {[%clk 0:01:01]} Bg7
{[%clk 0:59:28]} 35. R6f4 {[%clk 0:00:59]} Ne4 {[%clk 0:59:47]} 36. Bxe4
{[%clk 0:00:47]} Rxe4 {[%clk 1:00:11]} 37. Bxg7 {[%clk 0:00:51]} Rxf4
{[%clk 1:00:35]} 38. Rxf4 {[%clk 0:01:05]} Re1+ {[%clk 1:00:52]} 39. Kg2
{[%clk 0:01:26]} Qe2+ {[%clk 1:00:22]} 40. Rf2 {[%clk 0:31:29]} Qg4+
{[%clk 1:30:42]} 41. Kh2 {[%clk 0:28:48]} Qg1+ {[%clk 1:29:49]} 42. Kh3
{[%clk 0:29:12]} Qxf2 {[%clk 1:30:13]} 0-1

[Event "World Chess Olympiad 2018"]
[Site "Batumi"]
[Date "2018.09.24"]
[Round "1"]
[Board "3"]
[WhiteFideId "4202694"]
[White "Mastrovasilis Dimitrios"]
[BlackFideId "9900993"]
[Black "Alahakoon Isuru"]
[Result "1-0"]
[LiveChessVersion "1.4.8"]
[BlackElo "2121"]
[WhiteElo "2594"]

1. e4 {[%clk 1:28:37]} d5 {[%clk 1:23:52]} 2. exd5 {[%clk 1:28:57]} Qxd5
{[%clk 1:24:12]} 3. Nc3 {[%clk 1:29:17]} Qd8 {[%clk 1:24:33]} 4. d4
{[%clk 1:28:01]} Nf6 {[%clk 1:24:00]} 5. Bc4 {[%clk 1:23:32]} Bg4
{[%clk 1:21:24]} 6. f3 {[%clk 1:22:33]} Bf5 {[%clk 1:21:37]} 7. Nge2
{[%clk 1:19:44]} e6 {[%clk 1:19:59]} 8. g4 {[%clk 0:59:56]} Bg6 {[%clk 1:19:33]}
9. h4 {[%clk 1:00:08]} h6 {[%clk 1:18:10]} 10. Nf4 {[%clk 0:59:22]} Bh7
{[%clk 1:18:28]} 11. Be3 {[%clk 0:59:33]} Nc6 {[%clk 1:14:13]} 12. Qd2
{[%clk 0:48:08]} e5 {[%clk 1:06:37]} 13. Nfd5 {[%clk 0:45:16]} Na5
{[%clk 0:57:19]} 14. Bb5+ {[%clk 0:28:14]} c6 {[%clk 0:55:51]} 15. Nxf6+
{[%clk 0:28:30]} Qxf6 {[%clk 0:55:09]} 16. Be2 {[%clk 0:28:50]} O-O-O
{[%clk 0:45:33]} 17. O-O-O {[%clk 0:28:55]} Bc5 {[%clk 0:34:18]} 18. d5
{[%clk 0:24:24]} Qe7 {[%clk 0:25:36]} 19. Bxc5 {[%clk 0:24:37]} Qxc5
{[%clk 0:21:57]} 20. d6 {[%clk 0:24:58]} b5 {[%clk 0:17:18]} 21. d7+
{[%clk 0:19:17]} Kb8 {[%clk 0:15:53]} 22. Ne4 {[%clk 0:19:00]} Bxe4
{[%clk 0:13:23]} 23. fxe4 {[%clk 0:19:22]} Nb7 {[%clk 0:12:24]} 24. Rh3
{[%clk 0:17:06]} Qe7 {[%clk 0:07:56]} 25. Rc3 {[%clk 0:09:36]} Nc5
{[%clk 0:07:24]} 26. Qe3 {[%clk 0:09:52]} Ne6 {[%clk 0:07:47]} 27. Rxc6
{[%clk 0:10:17]} Nd4 {[%clk 0:08:12]} 28. Rxd4 {[%clk 0:07:31]} exd4
{[%clk 0:08:13]} 29. Qg3+ {[%clk 0:05:57]} Ka8 {[%clk 0:08:19]} 30. Bxb5
{[%clk 0:06:08]} Rxd7 31. Rc4 {[%clk 0:05:37]} Rd6 {[%clk 0:03:06]} 32. e5
{[%clk 0:03:21]} Rb6 {[%clk 0:02:22]} 33. Bc6+ {[%clk 0:03:04]} Kb8
{[%clk 0:01:35]} 34. e6+ {[%clk 0:03:27]} Qc7 {[%clk 0:01:16]} 35. Qxc7+
{[%clk 0:03:37]} Kxc7 {[%clk 0:01:42]} 36. Be8+ {[%clk 0:03:48]} Kd8
{[%clk 0:00:55]} 37. exf7 {[%clk 0:02:26]} Rd6 {[%clk 0:01:19]} 38. Kd2
{[%clk 0:02:18]} a6 {[%clk 0:00:34]} 39. Kd3 {[%clk 0:02:28]} Ke7
{[%clk 0:00:44]} 40. Rxd4 {[%clk 0:32:30]} Rf8 1-0

[Event "World Chess Olympiad 2018"]
[Site "Batumi"]
[Date "2018.09.24"]
[Round "1"]
[Board "4"]
[WhiteFideId "9901302"]
[White "Kavinda Akila"]
[BlackFideId "4202139"]
[Black "Nikolaidis Ioannis"]
[Result "0-1"]
[LiveChessVersion "1.4.8"]
[BlackElo "2544"]
[WhiteElo "2047"]

1. d4 {[%clk 1:21:43]} Nf6 {[%clk 1:30:37]} 2. Nf3 {[%clk 1:22:06]} e6
{[%clk 1:30:17]} 3. c4 {[%clk 1:22:28]} Bb4+ {[%clk 1:29:10]} 4. Nbd2
{[%clk 1:22:52]} b6 {[%clk 1:29:06]} 5. a3 {[%clk 1:23:10]} Bxd2+
{[%clk 1:29:22]} 6. Qxd2 {[%clk 1:23:31]} Bb7 {[%clk 1:28:58]} 7. e3
{[%clk 1:22:31]} O-O {[%clk 1:28:54]} 8. b3 {[%clk 1:14:54]} d5 {[%clk 1:25:36]}
9. Bb2 {[%clk 1:10:40]} c5 {[%clk 1:23:24]} 10. Be2 {[%clk 1:08:26]} dxc4
{[%clk 1:17:20]} 11. bxc4 {[%clk 1:08:21]} Nbd7 {[%clk 1:15:48]} 12. O-O
{[%clk 1:05:44]} Rc8 {[%clk 1:07:41]} 13. Rfd1 {[%clk 1:03:33]} cxd4
{[%clk 1:05:55]} 14. exd4 {[%clk 0:41:25]} Bxf3 {[%clk 1:04:17]} 15. Bxf3
{[%clk 0:32:01]} Rxc4 {[%clk 1:03:12]} 16. d5 {[%clk 0:31:58]} e5
{[%clk 0:54:07]} 17. d6 {[%clk 0:19:48]} e4 {[%clk 0:50:17]} 18. Be2
{[%clk 0:19:34]} Rc5 {[%clk 0:40:12]} 19. Bd4 {[%clk 0:17:13]} Rd5
{[%clk 0:39:32]} 20. Bc4 {[%clk 0:15:54]} Rf5 {[%clk 0:39:01]} 21. Rac1
{[%clk 0:13:16]} Qb8 {[%clk 0:23:57]} 22. Bxf6 {[%clk 0:05:39]} Rxf6
{[%clk 0:20:15]} 23. Bb5 {[%clk 0:03:23]} Nc5 {[%clk 0:19:50]} 24. Qd5
{[%clk 0:01:28]} Rd8 {[%clk 0:17:05]} 25. d7 {[%clk 0:01:30]} Qf4
{[%clk 0:15:50]} 26. Rc2 {[%clk 0:00:41]} g6 {[%clk 0:12:10]} 27. g3
{[%clk 0:00:48]} Qf5 {[%clk 0:11:02]} 28. Qxf5 {[%clk 0:00:32]} Rxf5
{[%clk 0:10:52]} 29. Rcd2 {[%clk 0:00:36]} Kf8 {[%clk 0:09:30]} 30. Rd4
{[%clk 0:00:34]} Re5 {[%clk 0:08:04]} 31. Rd6 {[%clk 0:00:39]} Nb7
{[%clk 0:05:13]} 32. R6d5 {[%clk 0:01:05]} Rxd5 {[%clk 0:05:30]} 33. Rxd5
{[%clk 0:01:31]} Nc5 {[%clk 0:05:51]} 34. Re5 {[%clk 0:00:36]} Nxd7
{[%clk 0:06:07]} 35. Rxe4 {[%clk 0:00:38]} Nc5 {[%clk 0:06:01]} 36. Rf4
{[%clk 0:00:38]} Ne6 {[%clk 0:05:43]} 37. Ra4 {[%clk 0:00:53]} Nd4
{[%clk 0:05:07]} 38. Bf1 {[%clk 0:00:53]} Rd7 {[%clk 0:04:05]} 39. h4
{[%clk 0:00:48]} Ke7 {[%clk 0:04:15]} 40. Kg2 {[%clk 0:30:35]} Ne6
{[%clk 0:32:22]} 41. g4 {[%clk 0:22:27]} a5 {[%clk 0:30:23]} 42. Kf3
{[%clk 0:17:49]} h6 {[%clk 0:30:03]} 43. Re4 {[%clk 0:13:18]} f5 {[%clk 0:25:40]}
44. gxf5 {[%clk 0:10:48]} gxf5 {[%clk 0:23:39]} 45. Re1 {[%clk 0:10:26]} Rd4
{[%clk 0:22:46]} 46. Rb1 {[%clk 0:10:04]} Rxh4 {[%clk 0:22:04]} 47. Rxb6
{[%clk 0:10:28]} Ra4 {[%clk 0:21:57]} 48. Ba6 {[%clk 0:09:12]} Rxa3+
{[%clk 0:21:51]} 49. Kg2 {[%clk 0:09:14]} Rc3 {[%clk 0:20:07]} 50. Rb5
{[%clk 0:07:13]} Rc5 {[%clk 0:19:30]} 51. Rb1 {[%clk 0:06:16]} a4
{[%clk 0:12:29]} 52. Ra1 {[%clk 0:06:43]} Ra5 {[%clk 0:12:45]} 53. Bc4
{[%clk 0:06:56]} Nd4 {[%clk 0:09:34]} 54. Rd1 {[%clk 0:05:13]} Nc6
{[%clk 0:08:32]} 55. Rh1 {[%clk 0:03:42]} Ne5 {[%clk 0:07:50]} 56. Ba2
{[%clk 0:03:34]} Ng4 {[%clk 0:04:56]} 57. f3 {[%clk 0:02:03]} Nf6
{[%clk 0:04:00]} 58. Rxh6 {[%clk 0:01:22]} Rb5 {[%clk 0:04:15]} 59. Kg3
{[%clk 0:01:18]} Rb2 {[%clk 0:04:31]} 60. Rh2 {[%clk 0:00:43]} f4+
{[%clk 0:03:27]} 61. Kh3 {[%clk 0:01:07]} Rxh2+ {[%clk 0:03:27]} 62. Kxh2
{[%clk 0:01:36]} Kd6 {[%clk 0:03:41]} 63. Kh3 {[%clk 0:01:42]} a3
{[%clk 0:03:53]} 64. Kh4 {[%clk 0:02:06]} Ke5 0-1

[Event "World Chess Olympiad 2018"]
[Site "Batumi"]
[Date "2018.09.24"]
[Round "1"]
[Board "1"]
[WhiteFideId "11300507"]
[White "Oatlhotse Providence"]
[BlackFideId "14603853"]
[Black "Lenic Luka"]
[Result "0-1"]
[LiveChessVersion "1.4.8"]
[BlackElo "2656"]
[WhiteElo "2206"]

1. c4 {[%clk 1:29:18]} e6 {[%clk 1:30:44]} 2. g3 {[%clk 1:29:20]} d5
{[%clk 1:30:31]} 3. Bg2 {[%clk 1:29:44]} Nf6 {[%clk 1:29:04]} 4. Nf3
{[%clk 1:29:53]} Be7 {[%clk 1:28:16]} 5. O-O {[%clk 1:29:55]} O-O
{[%clk 1:28:42]} 6. d4 {[%clk 1:25:48]} c6 {[%clk 1:28:19]} 7. Qc2
{[%clk 1:24:52]} b6 {[%clk 1:28:11]} 8. Rd1 {[%clk 1:22:06]} h6 {[%clk 1:24:03]}
9. b3 {[%clk 1:19:25]} Nbd7 {[%clk 1:19:25]} 10. Bb2 {[%clk 1:15:27]} Bb7
{[%clk 1:09:15]} 11. Nc3 {[%clk 1:15:03]} Rc8 {[%clk 1:04:01]} 12. e4
{[%clk 1:15:15]} Bb4 {[%clk 0:58:23]} 13. e5 {[%clk 1:07:06]} Ne8
{[%clk 0:58:25]} 14. Ne2 {[%clk 1:05:00]} Be7 {[%clk 0:55:26]} 15. Nf4
{[%clk 1:02:24]} Nc7 {[%clk 0:55:51]} 16. Ne1 {[%clk 0:58:55]} Re8
{[%clk 0:51:02]} 17. Ned3 {[%clk 0:56:53]} c5 {[%clk 0:47:49]} 18. dxc5
{[%clk 0:53:17]} bxc5 {[%clk 0:47:05]} 19. cxd5 {[%clk 0:50:52]} Nxd5
{[%clk 0:44:57]} 20. Nxd5 {[%clk 0:49:38]} Bxd5 {[%clk 0:45:11]} 21. Bxd5
{[%clk 0:49:45]} exd5 {[%clk 0:45:26]} 22. Nf4 {[%clk 0:50:05]} d4
{[%clk 0:44:51]} 23. Re1 {[%clk 0:43:20]} Nf8 {[%clk 0:40:58]} 24. Qc4
{[%clk 0:40:20]} Bg5 {[%clk 0:37:47]} 25. Nd3 {[%clk 0:40:12]} Be7
{[%clk 0:35:00]} 26. Nf4 {[%clk 0:40:23]} Qd7 {[%clk 0:26:31]} 27. e6
{[%clk 0:28:43]} fxe6 {[%clk 0:26:35]} 28. Nxe6 {[%clk 0:29:09]} Kh8
{[%clk 0:26:11]} 29. Rad1 {[%clk 0:24:56]} Bd6 {[%clk 0:12:39]} 30. Nxf8
{[%clk 0:21:21]} Bxf8 {[%clk 0:12:43]} 31. Bc1 {[%clk 0:04:22]} Qf5
{[%clk 0:09:58]} 32. Bf4 {[%clk 0:03:06]} Kh7 {[%clk 0:08:06]} 33. h4
{[%clk 0:02:09]} Rcd8 {[%clk 0:07:43]} 34. Kg2 {[%clk 0:02:03]} Kh8
{[%clk 0:06:15]} 35. Rxe8 {[%clk 0:01:27]} Rxe8 {[%clk 0:06:39]} 36. Qd3
{[%clk 0:01:55]} Qxd3 {[%clk 0:04:31]} 37. Rxd3 {[%clk 0:02:23]} Kg8
{[%clk 0:02:55]} 38. Rd1 {[%clk 0:01:31]} Re2 {[%clk 0:01:47]} 39. Bd2
{[%clk 0:01:15]} Kf7 {[%clk 0:02:04]} 40. Kf3 {[%clk 0:31:21]} Re6
{[%clk 0:32:32]} 41. Rc1 {[%clk 0:25:56]} Rf6+ {[%clk 0:29:31]} 42. Kg2
{[%clk 0:21:30]} Ra6 {[%clk 0:28:45]} 43. Rc2 {[%clk 0:18:52]} Ke6
{[%clk 0:28:03]} 44. Bf4 {[%clk 0:18:48]} Kd5 {[%clk 0:11:37]} 45. Re2
{[%clk 0:18:20]} Bd6 {[%clk 0:10:42]} 46. Bxd6 {[%clk 0:18:14]} Rxd6
{[%clk 0:09:05]} 47. Re7 {[%clk 0:07:54]} d3 {[%clk 0:09:29]} 48. Kf1
{[%clk 0:06:20]} Kd4 {[%clk 0:05:15]} 49. Ke1 {[%clk 0:06:15]} Ra6
{[%clk 0:04:54]} 50. Rxg7 {[%clk 0:01:22]} Rxa2 {[%clk 0:04:54]} 51. Rg4+
{[%clk 0:01:51]} Kc3 {[%clk 0:03:30]} 52. Rc4+ {[%clk 0:02:19]} Kxb3
{[%clk 0:03:56]} 53. Rxc5 {[%clk 0:02:49]} a5 {[%clk 0:03:52]} 54. g4
{[%clk 0:02:02]} a4 {[%clk 0:03:54]} 55. g5 {[%clk 0:02:04]} hxg5
{[%clk 0:03:02]} 56. hxg5 {[%clk 0:02:33]} Re2+ {[%clk 0:02:09]} 57. Kd1
{[%clk 0:00:56]} Rxf2 {[%clk 0:01:10]} 58. Rb5+ {[%clk 0:00:40]} Kc3
{[%clk 0:01:26]} 59. Rc5+ {[%clk 0:01:07]} Kd4 {[%clk 0:01:35]} 60. Rc7
{[%clk 0:00:37]} a3 {[%clk 0:00:56]} 61. Rd7+ {[%clk 0:00:36]} Ke4
{[%clk 0:00:45]} 62. Re7+ {[%clk 0:00:41]} Kd5 {[%clk 0:00:55]} 63. Rd7+
{[%clk 0:00:34]} Ke6 {[%clk 0:00:59]} 64. Ra7 {[%clk 0:00:32]} a2
{[%clk 0:01:08]} 65. Ra6+ {[%clk 0:00:36]} Kf7 {[%clk 0:01:04]} 66. Ra7+
{[%clk 0:00:35]} Kg6 {[%clk 0:01:14]} 67. Ra6+ {[%clk 0:00:50]} Kxg5
{[%clk 0:01:06]} 68. Ra5+ {[%clk 0:01:08]} Kf4 {[%clk 0:01:24]} 69. Ra4+
{[%clk 0:01:01]} Ke3 {[%clk 0:01:37]} 70. Ke1 {[%clk 0:01:24]} d2+
{[%clk 0:01:32]} 71. Kd1 {[%clk 0:01:47]} Rf1+ {[%clk 0:01:54]} 0-1

[Event "World Chess Olympiad 2018"]
[Site "Batumi"]
[Date "2018.09.24"]
[Round "1"]
[Board "2"]
[WhiteFideId "14603152"]
[White "Borisek Jure"]
[BlackFideId "11300310"]
[Black "Gaealafshwe Barileng"]
[Result "1-0"]
[LiveChessVersion "1.4.8"]
[BlackElo "2144"]
[WhiteElo "2578"]

1. e4 {[%clk 1:30:54]} c6 {[%clk 1:30:38]} 2. d4 {[%clk 1:31:19]} d5
{[%clk 1:30:32]} 3. e5 {[%clk 1:31:44]} c5 {[%clk 1:30:24]} 4. dxc5
{[%clk 1:32:06]} e6 {[%clk 1:30:12]} 5. Nf3 {[%clk 1:32:12]} Bxc5
{[%clk 1:29:24]} 6. a3 {[%clk 1:32:31]} Qc7 {[%clk 1:28:55]} 7. b4
{[%clk 1:30:28]} Be7 {[%clk 1:28:01]} 8. Bb2 {[%clk 1:30:23]} a5 {[%clk 1:27:34]}
9. b5 {[%clk 1:30:48]} Bc5 {[%clk 1:27:49]} 10. Bd3 {[%clk 1:30:19]} Ne7
{[%clk 1:26:10]} 11. Nbd2 {[%clk 1:27:46]} b6 {[%clk 1:26:25]} 12. O-O
{[%clk 1:25:02]} h6 {[%clk 1:19:14]} 13. Re1 {[%clk 1:18:37]} Nd7
{[%clk 1:15:11]} 14. c4 {[%clk 1:14:40]} Bb7 {[%clk 1:14:00]} 15. cxd5
{[%clk 1:14:08]} Bxd5 {[%clk 1:09:14]} 16. Ne4 {[%clk 1:13:03]} O-O
{[%clk 1:05:57]} 17. Rc1 {[%clk 1:08:07]} Qb7 {[%clk 1:05:09]} 18. Qd2
{[%clk 1:03:01]} Rad8 {[%clk 0:48:56]} 19. Nf6+ {[%clk 0:51:51]} Kh8
{[%clk 0:48:13]} 20. Nxd5 {[%clk 0:52:03]} Qxd5 {[%clk 0:41:38]} 21. Qe2
{[%clk 0:50:41]} Qb7 {[%clk 0:39:52]} 22. Be4 {[%clk 0:47:09]} Qb8
{[%clk 0:38:27]} 23. Bb1 {[%clk 0:47:14]} Rfe8 {[%clk 0:37:48]} 24. Rc4
{[%clk 0:47:11]} Nf8 {[%clk 0:37:13]} 25. Nd2 {[%clk 0:41:55]} Nd5
{[%clk 0:27:24]} 26. Nb3 {[%clk 0:40:28]} Rc8 {[%clk 0:17:39]} 27. Rec1
{[%clk 0:32:02]} Be7 {[%clk 0:14:59]} 28. Nd4 {[%clk 0:32:22]} Rxc4
{[%clk 0:14:45]} 29. Rxc4 {[%clk 0:32:44]} Bc5 {[%clk 0:14:25]} 30. Nc6
{[%clk 0:33:11]} Qa8 {[%clk 0:11:10]} 31. Qh5 {[%clk 0:28:19]} Ng6
{[%clk 0:03:22]} 32. Bxg6 {[%clk 0:26:05]} fxg6 {[%clk 0:03:44]} 33. Qxg6
{[%clk 0:26:30]} Rf8 {[%clk 0:02:16]} 34. Bd4 {[%clk 0:26:09]} Bxd4
{[%clk 0:00:32]} 35. Rxd4 {[%clk 0:26:19]} Nf4 {[%clk 0:00:31]} 36. Qg4
{[%clk 0:26:10]} h5 {[%clk 0:00:31]} 37. Qf3 {[%clk 0:26:20]} g5 {[%clk 0:00:32]}
38. h4 {[%clk 0:24:03]} Qe8 {[%clk 0:00:31]} 39. Rd8 {[%clk 0:23:25]} Qf7
{[%clk 0:00:31]} 40. hxg5 {[%clk 0:53:13]} Rxd8 {[%clk 0:30:42]} 41. Nxd8
{[%clk 0:53:37]} Qf5 {[%clk 0:30:57]} 42. Kh2 {[%clk 0:51:17]} Qg4
{[%clk 0:23:45]} 43. Qxg4 {[%clk 0:46:25]} hxg4 {[%clk 0:24:06]} 44. Kg3
{[%clk 0:46:54]} Nd3 {[%clk 0:24:05]} 45. Nf7+ {[%clk 0:33:59]} Kg7
{[%clk 0:24:05]} 46. Nd6 {[%clk 0:34:25]} Nxe5 {[%clk 0:20:17]} 47. Nc8
{[%clk 0:34:47]} Kg6 {[%clk 0:18:16]} 48. Nxb6 {[%clk 0:32:47]} Kxg5
{[%clk 0:18:22]} 49. Nc8 {[%clk 0:33:03]} Nd7 {[%clk 0:16:51]} 50. b6
{[%clk 0:33:21]} Nb8 {[%clk 0:14:51]} 51. Nd6 {[%clk 0:33:01]} Nc6
{[%clk 0:14:37]} 52. b7 {[%clk 0:33:22]} 1-0

[Event "World Chess Olympiad 2018"]
[Site "Batumi"]
[Date "2018.09.24"]
[Round "1"]
[Board "3"]
[WhiteFideId "11300710"]
[White "Notha Moakofi"]
[BlackFideId "14604299"]
[Black "Skoberne Jure"]
[Result "0-1"]
[LiveChessVersion "1.4.8"]
[BlackElo "2565"]
[WhiteElo "2071"]

1. e4 {[%clk 1:30:30]} c5 {[%clk 1:30:53]} 2. Nf3 {[%clk 1:30:33]} Nc6
{[%clk 1:31:18]} 3. d3 {[%clk 1:30:36]} g6 {[%clk 1:29:54]} 4. g3
{[%clk 1:30:49]} Bg7 {[%clk 1:30:05]} 5. Bg2 {[%clk 1:31:03]} e5 {[%clk 1:29:28]}
6. O-O {[%clk 1:30:04]} Nge7 {[%clk 1:29:47]} 7. Be3 {[%clk 1:25:09]} d6
{[%clk 1:28:52]} 8. Qc1 {[%clk 1:24:19]} h6 {[%clk 1:28:37]} 9. Nbd2
{[%clk 1:22:14]} O-O {[%clk 1:26:54]} 10. Nc4 {[%clk 1:20:47]} Kh7
{[%clk 1:24:55]} 11. a4 {[%clk 1:20:00]} b6 {[%clk 1:21:38]} 12. c3
{[%clk 1:16:54]} Be6 {[%clk 1:17:02]} 13. b3 {[%clk 1:09:58]} Rc8
{[%clk 1:04:48]} 14. Rb1 {[%clk 1:03:58]} d5 {[%clk 0:57:25]} 15. exd5
{[%clk 0:49:55]} Nxd5 {[%clk 0:54:35]} 16. Bd2 {[%clk 0:48:38]} Bf5
{[%clk 0:52:07]} 17. Ne1 {[%clk 0:43:35]} Nf6 {[%clk 0:45:23]} 18. Qc2
{[%clk 0:42:35]} Qd7 {[%clk 0:29:30]} 19. Ne3 {[%clk 0:38:34]} Bh3
{[%clk 0:29:09]} 20. Bxh3 {[%clk 0:36:32]} Qxh3 {[%clk 0:29:32]} 21. f3
{[%clk 0:36:42]} Na5 {[%clk 0:23:26]} 22. Rf2 {[%clk 0:34:38]} Qd7
{[%clk 0:21:27]} 23. Re2 {[%clk 0:26:09]} Rfe8 {[%clk 0:19:27]} 24. Kg2
{[%clk 0:21:06]} Nh5 {[%clk 0:18:16]} 25. Rd1 {[%clk 0:16:06]} Nf4+
{[%clk 0:17:45]} 26. Kf2 {[%clk 0:04:45]} Nxe2 {[%clk 0:14:59]} 27. Kxe2
{[%clk 0:05:04]} Qh3 {[%clk 0:15:01]} 28. Nf1 {[%clk 0:04:35]} f5
{[%clk 0:13:53]} 29. Kf2 {[%clk 0:04:23]} e4 {[%clk 0:14:00]} 30. dxe4
{[%clk 0:01:04]} fxe4 {[%clk 0:14:22]} 31. f4 {[%clk 0:00:42]} Qe6
{[%clk 0:12:50]} 32. Rb1 {[%clk 0:00:39]} c4 {[%clk 0:12:45]} 33. b4
{[%clk 0:00:49]} Nb3 {[%clk 0:13:00]} 34. Be3 {[%clk 0:01:01]} Rcd8
{[%clk 0:13:23]} 35. Ng2 {[%clk 0:00:33]} Rd3 {[%clk 0:13:36]} 36. Qe2
{[%clk 0:00:32]} Bxc3 {[%clk 0:13:51]} 37. g4 {[%clk 0:00:36]} Nd4
{[%clk 0:14:08]} 38. Bxd4 {[%clk 0:00:31]} Bxd4+ {[%clk 0:13:48]} 39. Nge3
{[%clk 0:00:52]} Rf8 {[%clk 0:13:10]} 40. Kg3 {[%clk 0:30:33]} Rxf4
{[%clk 0:43:26]} 0-1

[Event "World Chess Olympiad 2018"]
[Site "Batumi"]
[Date "2018.09.24"]
[Round "1"]
[Board "4"]
[WhiteFideId "14608502"]
[White "Markoja Boris"]
[BlackFideId "11300353"]
[Black "Gumpo Thabo"]
[Result "1-0"]
[LiveChessVersion "1.4.8"]
[BlackElo "2059"]
[WhiteElo "2456"]

1. d4 {[%clk 1:30:57]} Nf6 {[%clk 1:30:41]} 2. c4 {[%clk 1:31:18]} e6
{[%clk 1:30:54]} 3. g3 {[%clk 1:31:42]} Bb4+ {[%clk 1:30:00]} 4. Bd2
{[%clk 1:32:04]} a5 {[%clk 1:30:11]} 5. Bg2 {[%clk 1:31:14]} O-O {[%clk 1:24:34]}
6. Nf3 {[%clk 1:30:32]} d6 {[%clk 1:20:32]} 7. O-O {[%clk 1:30:02]} Bxd2
{[%clk 1:19:44]} 8. Qxd2 {[%clk 1:29:08]} Ne4 {[%clk 1:17:57]} 9. Qc2
{[%clk 1:24:01]} f5 {[%clk 1:18:17]} 10. Nc3 {[%clk 1:21:16]} Nxc3
{[%clk 1:16:53]} 11. Qxc3 {[%clk 1:19:51]} Nd7 {[%clk 1:07:32]} 12. Rfe1
{[%clk 1:11:29]} Nf6 {[%clk 1:06:30]} 13. Nd2 {[%clk 1:11:37]} d5
{[%clk 0:55:12]} 14. f3 {[%clk 1:07:12]} c6 {[%clk 0:50:06]} 15. e4
{[%clk 1:04:00]} Qb6 {[%clk 0:48:18]} 16. e5 {[%clk 0:57:33]} Nd7
{[%clk 0:45:19]} 17. Rac1 {[%clk 0:55:22]} Qb4 {[%clk 0:28:34]} 18. f4
{[%clk 0:49:41]} Nb6 {[%clk 0:28:05]} 19. b3 {[%clk 0:40:42]} Qxc3
{[%clk 0:21:27]} 20. Rxc3 {[%clk 0:41:03]} Rd8 {[%clk 0:21:50]} 21. c5
{[%clk 0:37:39]} Nd7 {[%clk 0:22:18]} 22. h3 {[%clk 0:37:58]} Nb8
{[%clk 0:20:13]} 23. Bf1 {[%clk 0:32:19]} Na6 {[%clk 0:20:16]} 24. Nb1
{[%clk 0:30:53]} Bd7 {[%clk 0:20:07]} 25. Rd3 {[%clk 0:28:08]} Nc7
{[%clk 0:10:40]} 26. Nc3 {[%clk 0:28:15]} Ra7 {[%clk 0:10:05]} 27. Na4
{[%clk 0:28:20]} Kf7 {[%clk 0:09:05]} 28. g4 {[%clk 0:26:14]} g6 {[%clk 0:09:21]}
29. Be2 {[%clk 0:26:10]} Rg8 {[%clk 0:09:02]} 30. Kf2 {[%clk 0:26:03]} Raa8
{[%clk 0:09:03]} 31. Rg3 {[%clk 0:25:46]} Ke7 {[%clk 0:08:47]} 32. Ke3
{[%clk 0:22:01]} Raf8 {[%clk 0:08:58]} 33. Reg1 {[%clk 0:19:40]} Be8
{[%clk 0:08:05]} 34. Nb6 {[%clk 0:14:53]} Bd7 {[%clk 0:06:44]} 35. Bd3
{[%clk 0:14:28]} Na8 {[%clk 0:06:31]} 36. Na4 {[%clk 0:14:08]} Nc7
{[%clk 0:06:59]} 37. h4 {[%clk 0:13:04]} Be8 {[%clk 0:04:07]} 38. Nb6
{[%clk 0:11:28]} Bf7 {[%clk 0:04:19]} 39. Rb1 {[%clk 0:10:52]} Na8
{[%clk 0:04:03]} 40. Na4 {[%clk 0:40:26]} Kd7 {[%clk 0:32:55]} 41. a3
{[%clk 0:37:56]} Kc7 {[%clk 0:29:38]} 42. Rg2 {[%clk 0:37:17]} Be8
{[%clk 0:28:25]} 43. b4 {[%clk 0:36:21]} axb4 {[%clk 0:28:11]} 44. axb4
{[%clk 0:36:44]} Bd7 {[%clk 0:27:36]} 45. Rbg1 {[%clk 0:34:54]} Be8
{[%clk 0:20:24]} 46. gxf5 {[%clk 0:33:13]} exf5 {[%clk 0:20:43]} 47. b5
{[%clk 0:33:37]} cxb5 {[%clk 0:16:16]} 48. Nc3 {[%clk 0:33:23]} Bc6
{[%clk 0:16:14]} 49. Nxb5+ {[%clk 0:33:02]} Bxb5 {[%clk 0:09:20]} 50. Bxb5
{[%clk 0:33:27]} Rf7 {[%clk 0:09:27]} 51. h5 {[%clk 0:33:27]} Kd8
{[%clk 0:05:21]} 52. hxg6 {[%clk 0:33:38]} hxg6 {[%clk 0:05:42]} 53. Rxg6
{[%clk 0:34:02]} Rxg6 {[%clk 0:05:03]} 54. Rxg6 {[%clk 0:34:27]} Nc7
{[%clk 0:05:27]} 55. Bd3 {[%clk 0:34:22]} Ne8 {[%clk 0:05:23]} 56. Bc2
{[%clk 0:30:39]} Rh7 {[%clk 0:04:15]} 57. Bxf5 {[%clk 0:30:57]} 1-0